Footballeur grâce à l'image - Statistiques

Statistiques générales
  • Ce quiz a été pris 460 fois
  • Le résultat moyen est 13 sur 16
Statistiques - réponses
Par images Réponse % Correct
Cristiano Ronaldo
99%
Lionel Messi
94%
N'Golo Kanté
94%
Edinson Cavani
93%
Karim Benzema
93%
Toni Kroos
90%
Didier Drogba
89%
Dani Alves
87%
Andrea Pirlo
84%
Corentin Tolisso
81%
Isco
79%
Nani
75%
Robert Pires
73%
Pavel Nedved
66%
Sacha Boey
51%
Raul Jimenez
45%
Aucun quiz correspondant
Distribution des résultats
% des personnes avec chaque résultat
Percentile par nombre de réponses
Votre historique - résultats
Vous n’avez pas pris ce quiz